Statistics for Държави, най-близки до България

Click here to take the quiz!

General Stats

  • This quiz has been taken 281 times
  • The average score is 15 of 20

Answer Stats

кмстрана% Correct
0Турция
99%
0Гърция
98%
0Сърбия
97%
0Румъния
96%
0Северна
Македония
91%
148Албания
82%
148Украйна
80%
54Косово
77%
258Унгария
75%
164Молдова
74%
535Словения
72%
175Черна гора
71%
497Словакия
70%
315Хърватия
70%
400Италия
69%
221Босна и
Херцеговина
65%
533Полша
64%
570Австрия
64%
640Чехия
64%
358Русия
63%

Score Distribution

Percentile by Number Answered

Percent of People with Each Score

Your Score History

You have not taken this quiz